000 00608nam a22002177a 4500
003 UA-OsUOA
001 111259
007 ta
008 20150505b un ||||| |||| 00| 0 ukr d
100 _aКотенко Н.
090 _a82
_bК73
942 _cSA
040 _aUA-OsUOA
_bukr
_cUA-OsUOA
_dUA-OsUOA
245 _aНеокласична антологія Юрія Клена
300 _aС.35-42
955 _a0
041 _aukr
080 _a82
773 0 _w111256
_tМандрівець
_dТернопіль
_d2015
_g1
650 7 _a82 Література. Літературознавство
_2UDC
999 _c397440
_d397440